| 000 | 00623npc a2200217Ia 4500 | ||
|---|---|---|---|
| 001 | dg15-736 [d000000653] | ||
| 003 | IT-MiCISF | ||
| 005 | 20251219141932.0 | ||
| 008 | 161014s9999||||xx | und|| | ||
| 040 |
_aIT-MiCISF _cIT-MiCISF |
||
| 041 | _ait | ||
| 100 |
_aDa Fermo Mario _962988 |
||
| 245 | 0 | _aLa prevenzione del disagio giovanile: teorie e strategie di intervento | |
| 260 |
_a L'Aquila, _bAssociazione prevenzione droga, _c1991 |
||
| 300 | _app. 47 | ||
| 500 | _a / giovani, devianza, prevenzione / | ||
| 650 | _aEmarginazione-devianza | ||
| 654 | _asaggio | ||
| 942 |
_cDD _2ddc |
||
| 999 |
_c207793 _d207793 |
||
| 999 | _bsi | ||